Lina Larissa Strahl Songs - Statistiken

Allgemein
  • Dieses Quiz wurde 188 mal gespielt
  • Das Durchschnittsergebnis liegt bei 18 aus 43
Antwortstatistiken
Hint Antwort % Korrekt
Egoist
81%
Ego Glitzer
74%
Egal
72%
Rebellin Rebellen
72%
X
63%
Hype
58%
Leicht
58%
Official Ohne dieses Gefühl
58%
Fan von dir
54%
Mädchen mag das Feuer
54%
100 Prozent
53%
Unser Film
53%
Sie reden ja eh
44%
Unser Platz
44%
Unterm Strich
44%
Küss mich
43%
Der Komet
42%
Kein Bock
42%
Wie ich bin
42%
Süss
40%
Limit
39%
Ohne dich
39%
Fliegen
38%
Nach Haus
38%
Dreist
36%
Game over
36%
Tanzen ist Gold
36%
Ich brauch kein Happy End
35%
Hypnotisch
33%
Na und
33%
Das Beste
32%
Glüh Birne
32%
Idiot
32%
Lieblingslied
32%
Alles Rosa
31%
Dynamit
31%
Everest
31%
Wir waren hier
31%
Spiel
29%
Bescheuertes Herz
28%
Der Beweis
28%
Strahlst du schon
28%
Zu jung
26%
Keine übereinstimmenden Quizze gefunden
Verteilung der Resultate
Anzahl Personen mit jedem Resultat
Perzentil nach korrekt beantworteten Fragen
Ihre Resultats-Entwicklung
Sie haben dieses Quiz noch nicht gespielt